000 00572nam a22001937a 4500
005 20230111090159.0
008 230111b |||||||| |||| 00| 0 eng d
020 _a9780340966860
040 _aKMU
_cKMU
050 _aKD 60 Tur 2011
100 _aTurner , Chris
245 _aKey facts employment law /
_cby Chris Turner .
250 _a3rd edition .
260 _aLondon :
_bHodder education ,
_c2011 .
300 _a148 pages :
_bIllustration ;
_c19 cm .
500 _aIncludes an index
650 _2Oclc
_aLabor laws and legislation
942 _2lcc
_cBK
_e3rd edition.
_n0
999 _c109
_d109